Gaming Quiz

Random Gaming or Nintendo Quiz

Heaviest Pokémon by Type Quiz Stats

Quiz Updated Nov 21, 2016

Also try: Pokémon Types
Challenge
Share
Tweet
Embed
Score 0/90 Timer 07:00
2 Plays Today
% Correct
Snorlax
95.2%
Steelix
63.5%
Steelix
63.4%
Groudon
61.6%
Golem
59.3%
Dragonite
55.3%
Kyogre
54.3%
Wailord
52.9%
Dialga
51%
Dialga
51%
Palkia
50.3%
Palkia
50.3%
Giratina
48%
Giratina
48%
Venusaur
44.9%
Lugia
44.6%
Lugia
44.6%
Zekrom
41.8%
Zekrom
41.8%
Ho-oh
41.6%
Reshiram
41.1%
Regigigas
40.6%
Arceus
39.6%
Gyarados
39%
Gyarados
39%
Metagross
37.9%
Metagross
37.9%
Xerneas
37.8%
Heatran
35.4%
Heatran
35.4%
% Correct
Kyurem
34.2%
Torterra
32.8%
Torterra
32.8%
Aggron
32.3%
Yveltal
32.2%
Hariyama
30.2%
Celesteela
29.8%
Celesteela
29.8%
Tyranitar
29.8%
Rhyperior
29.1%
Terrakion
28.8%
Scizor
28.8%
Guzzlord
28.6%
Guzzlord
28.6%
Solgaleo
28%
Cobalion
27.6%
Virizion
26.5%
Virizion
26.5%
Buzzwole
26.1%
Buzzwole
26.1%
Avalugg
25.9%
Magnezone
25.5%
Raikou
25.5%
Cosmoem
24.1%
Electivire
23.6%
Mamoswine
22.2%
Golurk
21.2%
Golurk
21.2%
Glalie
20.3%
Scolipede
20%
% Correct
Scolipede
20%
Abomasnow
19%
Gardevoir
17.9%
Camerupt
17.1%
Probopass
16.9%
Hydreigon
16.8%
Necrozma
16.8%
Mudsdale
16.5%
Granbull
16%
Beartic
15.9%
Forretress
15.6%
Tangrowth
15.1%
Tyrantrum
14.4%
Garbodor
14.3%
Drampa
14%
Magearna
13.4%
Lickilicky
13.2%
Xurkitree
12.8%
Mantine
12.1%
Mantine
12%
Mr. Mime
11.9%
Dhelmise
11.2%
Dhelmise
11.2%
Turtonator
10.2%
Crustle
9.9%
Swalot
9.7%
Palossand
8.7%
Pangoro
8.3%
Jellicent
8%
Dragalge
7.8%

You're not logged in!

Compare scores with friends on all Sporcle quizzes.
Join for Free
OR
Log In

You Might Also Like...

Show Comments

Extras

Top Quizzes Today


Score Distribution

Your Account Isn't Verified!

In order to create a playlist on Sporcle, you need to verify the email address you used during registration. Go to your Sporcle Settings to finish the process.

Report this User

Report this user for behavior that violates our Community Guidelines.

Details: